01184nam a2200205Ia 450000500170000000800410001702000230005804000140008104100110009508200170010610000190012324500440014226000470018630000410023350005480027450400190082252100100084165001010085170000260095220240827110031.0230213s9999 xx 000 0 und d a9781403144164qhbk aRDAc3228 2Eaeng a299.936 HUBB aHubbard, L.Ron 0aScientology 8-8008 / by cL.Ron Hubbard aCalifornia:bBridge Publication Inc;c2007 a415 Pages :billustrations ;c24 cm. aThe book explores advanced concepts in Scientology, focusing on the transformation of an individual's state of being from the material universe to a more spiritual plane. It introduces and explains the concept of 8-8008, which represents the idea of achieving spiritual freedom and the ability to create a personal universe that is more real and meaningful than the material universe. The text is intended for those familiar with the basics of Scientology and who are ready to advance to higher levels of understanding and spiritual awareness. aIncludes index aAdult aScientologyxReligionxSpiritualityxSelf-improvementxSpiritual growthxNew religious movements aL.Ron Hubbardeauthor